Szybkie pisanie od A do Z wstecz - Statystyki

Ogólne statystyki
  • Ten quiz został rozwiązany 2 814 razy
    2 598 od ostatniego zresetowania
  • Średni wynik to 6 z 26
Statystyki odpowiedzi
Litera % Poprawnych
Z
96%
Y
80%
X
68%
W
57%
V
33%
U
29%
T
26%
S
23%
R
19%
P
14%
Q
14%
A
12%
O
12%
B
10%
L
10%
M
10%
N
10%
C
9%
D
9%
K
9%
E
8%
F
8%
G
8%
H
8%
I
8%
J
8%
Nie znaleziono quizów pasujących do podanych kryteriów
Rozkład punktacji
Procent ludzi z każdym wynikiem
Percentyl według liczby udzielonych odpowiedzi
Twoja historia wyników
Nie rozwiązałeś tego quizu od ostatniego zresetowania